Tyynenmerensota-visa - Statistics

Yleistilastot
  • Tätä visaa on pelattu 16 kertaa
  • Keskiarvotulos 11 / 20
Vastaustilastot
Vihje Vastaus % Oikein
Yhdysvaltain presidentit sodan aikana Franklin D. Roosevelt
93%
Japanin keisari sodan aikaan Hirohito
93%
Kaupungit, joihin Yhdysvallat pudotti atomipommin Hiroshima
93%
Nagasaki
93%
Yhdysvaltain laivastotukikohta, johon Japanihyökkäsi 7.12.1941 Pearl Harbor
93%
Harry S. Truman
73%
Japanilainen itsemurhalentäjä Kamikaze
67%
Sodan verisin taistelu {Okinawan} taistelu
67%
Taistelu, jossa Japani menetti kaikkilentotukialuksensa {Midwayn} taistelu
60%
Aasian valtio, joka teki liittosopimuksen Japanin kanssa Thaimaa
60%
Ensimmäinen taistelu, joka käytiinJapanin kotisaarilla {Iwo Jiman} taistelu
47%
Saari, joka tunnettiin "Idän Gibraltarina" Singapore
40%
Japanin pääministeri sodan aikaan Hideki Tōjō
27%
Taistelu, joka oli Japanin ensimmäinen suuri takaisku {Korallimeren} taistelu
27%
Itä-Filippiineillä käyty suuri meritaistelu {Leytenlahden} taistelu
27%
Kiinan tasavallan johtaja sodan aikaan Tšiang Kai-šek
27%
Japanin asevoimien suurin ja raskain taistelulaiva Yamato
27%
Yhdysvaltain Tyynenmeren laivastonkomentaja sodan aikaan Chester W. Nimitz
20%
Kenraali, joka johti Yhdysvaltoja ylläolevassa taistelussa Douglas MacArthur
20%
Välikohtaus, joka aloitti Kiinan-Japanin sodan vuonna 1937 {Marco Polon sillan} välikohtaus
13%
Ehtoja vastaavia visoja ei löytynyt
Tulosjakauma
Jokaisen tuloksen saaneiden osuus
Persentiili vastausten määrän mukaan
Tuloshistoriasi
Et ole pelannut tätä visaa